Normal view
MARC view
- Soriano Vallés, Sergio,
Entry Nombre Personal
001 - NUMERO DE CONTROL
- campo de control: 39730
003 - IDENTIFICADOR DE NUMERO DE CONTROL
- campo de control: UPN
005 - FECHA Y HORA DE LA ÜLTIMA TRANSACCIÓN
- campo de control: 20210219194549.0
008 - DATOS DE LONGITUD FIJA
- campo de control de longitud fija: nabaccnnaabn|||||||||| b |nc|||||d
035 ## - NUMERO DE CONTROL
- Número de control: UPN11000011837
040 ## - FUENTE DE CATALOGACIÓN
- Lenguaje de catalogación: SPA
- Agencia de transcripción: UPN
100 1# - ENCABEZAMIENTO - NOMBRE PERSONAL
- Nombre personal: Soriano Vallés, Sergio,
- Fechas asociadas con el nombre: 1962-
670 ## - FUENTE EN LA QUE SE LOCALIZARON DATOS
- Cita de la fuente: T
- Información localizada: Avances en el uso del control biológico en el estado de Aguascalientes
680 ## - NOTA PUBLICA DE ACCESO PÚBLICO
- Frase explicativa de la referencia: Nació en México, D.F. Es Ingeniero Agrícola por la Universidad Nacional Autónoma de México, con especialidad en Control de Calidad.
902 ## - CATALOGADOR
- Catalogador: MITM/080217
